书目信息 |
| 题名: |
规则颠覆者
|
|
| 作者: | 内田和成 , 宋晓煜 编著 | |
| 分册: | ||
| 出版信息: | 南昌 江西人民出版社 2017 |
|
| 页数: | 176页 | |
| 开本: | 21cm | |
| 丛书名: | ||
| 单 册: | ||
| 中图分类: | F271.3 | |
| 科图分类: | ||
| 主题词: | 企业竞争--qi ye jing zheng--研究 | |
| 电子资源: | ||
| ISBN: | 978-7-210-07565-3 | |
| 000 | 01306nam0 22002891 450 | |
| 001 | 1754534902 | |
| 005 | 20170516112211.0 | |
| 010 | @a978-7-210-07565-3@dCNY38.00 | |
| 100 | @a20170513d2017 em y0chiy50 ea | |
| 101 | 0 | @achi |
| 102 | @aCN@b360000 | |
| 105 | @aa z 000yy | |
| 106 | @ar | |
| 200 | 1 | @a规则颠覆者@9gui ze dian fu zhe@e如何赢得用户, 占领市场@dDeconstruct your business to develop more@f(日) 内田和成编著@g宋晓煜译@zeng |
| 210 | @a南昌@c江西人民出版社@d2017 | |
| 215 | @a176页@c图@d21cm | |
| 314 | @a内田和成,早稻田大学商学院教授.宋晓煜,日本名古屋大学国际语言文化研究科博士研究生. | |
| 320 | @a有书目 (第167-174页) | |
| 330 | @a本书通过正反两个方面的大量案例, 提出了全新的考察视角和分类方法, 帮助读者读懂规则颠覆者的竞争策略, 为自己的企业找到前进的方向和立足的基点, 从而在商战中纵横驰骋, 进退自如。主要内容包括: 新战局的开端 —— 不断激化的跨行业竞争 ; 瓦解对手的盈利模式 —— 秩序破坏型等。 | |
| 510 | 1 | @aDeconstruct your business to develop more@zeng |
| 517 | 1 | @a如何赢得用户, 占领市场@9ru he ying de yong hu , zhan ling shi chang |
| 606 | @a企业竞争@9qi ye jing zheng@x研究 | |
| 690 | @aF271.3@v5 | |
| 701 | 0 | @c(日)@a内田和成@9nei tian he cheng@4编著 |
| 701 | 0 | @a宋晓煜@9song xiao yu@4译 |
| 801 | 0 | @aCN@b百万庄@c20170513 |
| 905 | @b1006254-9@dF271.3@e1392@f6 | |
| 规则颠覆者:如何赢得用户, 占领市场=Deconstruct your business to develop more/(日) 内田和成编著/宋晓煜译.-南昌:江西人民出版社,2017 |
| 176页:图;21cm |
| ISBN 978-7-210-07565-3:CNY38.00 |
| 本书通过正反两个方面的大量案例, 提出了全新的考察视角和分类方法, 帮助读者读懂规则颠覆者的竞争策略, 为自己的企业找到前进的方向和立足的基点, 从而在商战中纵横驰骋, 进退自如。主要内容包括: 新战局的开端 —— 不断激化的跨行业竞争 ; 瓦解对手的盈利模式 —— 秩序破坏型等。 |
| ● |
| 相关链接 |
|
|
|
|
正题名:规则颠覆者
索取号:F271.3/1392
 
预约/预借
| 序号 | 登录号 | 条形码 | 馆藏地/架位号 | 状态 | 备注 |
| 1 | 1006254 | 210062545 | 第一样本阅览室/ [索取号:F271.3/1392] | 在馆 | |
| 2 | 1006255 | 210062554 | 教育系资料室/ [索取号:F271.3/1392] | 在馆 | |
| 3 | 1006256 | 210062563 | 教育系资料室/ [索取号:F271.3/1392] | 在馆 | |
| 4 | 1006257 | 210062572 | 教育系资料室/ [索取号:F271.3/1392] | 在馆 | |
| 5 | 1006258 | 210062581 | 第一借阅区/ [索取号:F271.3/1392] | 在馆 | |
| 6 | 1006259 | 210062590 | 第一借阅区/ [索取号:F271.3/1392] | 在馆 |